Fragen aus der Wissenschaft - Buchstabe F - Statistiken

Allgemein
  • Dieses Quiz wurde 139 mal gespielt
  • Das Durchschnittsergebnis liegt bei 9 aus 20
Antwortstatistiken
Hinweis Antwort % Korrekt
Temperaturskala in den USA Fahrenheit
96%
Österreichischer Arzt, Begründer der Psychoanalyse Sigmund Freud
87%
Systematische Suche nach neuen Erkenntnissen Forschung
71%
Zeugnis vergangenen Lebens, z. B. Versteinerung Fossil
70%
Anzahl der Schwingungen pro Zeit, Einheit Hertz Frequenz
69%
Chemisches Element, Halogen mit Ordnungszahl 9 Fluor
63%
Biolog. Reproduktion, Entstehung von Nachkommen Fortpflanzung
61%
Italienischer Mathematiker im Mittelalter, Zahlenreihe Leonardo Fibonacci
59%
Philosoph des deutschen Idealismus - Nadelbaum Johann Gottlieb Fichte
51%
Eigenschaft von sichtbarem Licht, Regenbogen Farbe
47%
In der Taxonomie zwischen Ordnung und Gattung Familie
42%
Britischer Physiker, Elektromagnetismus Michael Faraday
40%
Schottischer Bakteriologe, Entdecker des Penicillins Alexander Fleming
37%
Amerikanischer Politiker, Erfinder des Blitzableiters Benjamin Franklin
33%
Besteht aus Glycerin und 3 organischen Carbonsäuren Fett
24%
Namensgeber einer großen dt. Forschungseinrichtung Joseph von Fraunhofer
23%
Symbiotische Lebensgemeinschaft zw. Pilz und Alge Flechte
15%
Erbauer eines Pendels zur Messung der Erdrotation Léon Foucault
14%
Elementarteilchen mit halbzahligem Spin, z.B. Elektron Fermion
9%
Frz. Mathematiker im 17. Jhd., großer und kleiner Satz Pierre de Fermat
8%
Keine übereinstimmenden Quizze gefunden
Verteilung der Resultate
Anzahl Personen mit jedem Resultat
Perzentil nach korrekt beantworteten Fragen
Ihre Resultats-Entwicklung
Sie haben dieses Quiz noch nicht gespielt